[Event "4. Moscu Open 2008"]
[Site "Moscu RUS"]
[Date "2008.02.07"]
[Round "6.28"]
[White "Svetushkin, Dmitry"]
[Black "Kalashian, David"]
[Result "1-0"]
[WhiteElo "2565"]
[BlackElo "2379"]
[PlyCount "89"]
[EventDate "2008.02.02"]
[EventType "swiss"]
[EventRounds "9"]
[EventCountry "RUS"]
[Source "lmi"]
[SourceDate "2008.02.02"]

1. d4 Nf6 2. c4 e6 3. Nf3 b6 4. Nc3 Bb4 5. Bg5 Bb7 6. Nd2 h6 7. Bh4 Be7 8. e4
O-O 9. Bg3 d6 10. Be2 Nc6 11. Nf3 d5 12. cxd5 exd5 13. e5 Ne4 14. O-O Nxg3 15.
hxg3 Qd7 16. Bb5 a6 17. Ba4 b5 18. Bc2 g6 19. Rc1 Nd8 20. Ne2 Ne6 21. Nf4 Rac8
22. Qd2 Kg7 23. b4 h5 24. Nxe6+ Qxe6 25. Ne1 h4 26. gxh4 Bxh4 27. f4 f5 28. Nd3
Rh8 29. Nc5 Qb6 30. Rf3 Be7 31. Bxf5 gxf5 32. Rg3+ Kf7 33. Qd3 Rcg8 34. Qxf5+
Ke8 35. Qd7+ Kf7 36. Qf5+ Ke8 37. Rxg8+ Rxg8 38. Qh7 Bxc5 39. Qxg8+ Bf8 40. Rc5
Bc8 41. a3 Bf5 42. g4 Be4 43. e6 Qd6 44. Qf7+ Kd8 45. Rxc7 1-0

[Event "4. Moscu Open 2008"]
[Site "Moscu RUS"]
[Date "2008.02.07"]
[Round "6.29"]
[White "Naumkin, Igor"]
[Black "Nguyen, Ngoc Truong Son"]
[Result "0-1"]
[WhiteElo "2475"]
[BlackElo "2551"]
[PlyCount "54"]
[EventDate "2008.02.02"]
[EventType "swiss"]
[EventRounds "9"]
[EventCountry "RUS"]
[Source "lmi"]
[SourceDate "2008.02.02"]

1. d4 d5 2. c4 c6 3. Nf3 Nf6 4. Nc3 a6 5. c5 Bf5 6. Bf4 Nbd7 7. h3 e6 8. e3 Be7
9. Be2 O-O 10. O-O Ne4 11. Qc1 Re8 12. b4 Bf6 13. Ne5 Nxe5 14. dxe5 Nxc3 15.
Qxc3 Be7 16. g4 Bg6 17. Bg3 a5 18. b5 cxb5 19. Bxb5 Rf8 20. f4 Be4 21. f5 Rc8
22. c6 Qb6 23. a4 bxc6 24. Be2 Bb4 25. Qc1 Qc5 26. fxe6 Qxc1 27. Rfxc1 Bd2 0-1

[Event "4. Moscu Open 2008"]
[Site "Moscu RUS"]
[Date "2008.02.07"]
[Round "6.30"]
[White "Rychagov, Andrey"]
[Black "Kim, Alexey"]
[Result "1-0"]
[WhiteElo "2551"]
[BlackElo "2314"]
[PlyCount "73"]
[EventDate "2008.02.02"]
[EventType "swiss"]
[EventRounds "9"]
[EventCountry "RUS"]
[Source "lmi"]
[SourceDate "2008.02.02"]

1. d4 d5 2. c4 c6 3. Nf3 Nf6 4. Nc3 e6 5. Bg5 Nbd7 6. e3 Qa5 7. cxd5 Nxd5 8.
Qd2 Bb4 9. Rc1 h6 10. Bh4 c5 11. a3 Bxc3 12. bxc3 b6 13. Bd3 Ba6 14. O-O cxd4
15. Bxa6 Qxa6 16. Qxd4 N5f6 17. Ne5 Nxe5 18. Qxe5 Qxa3 19. Bxf6 gxf6 20. Qxf6
Rh7 21. Ra1 Qe7 22. Qf4 Rd8 23. Rfd1 Kf8 24. h3 Rxd1+ 25. Rxd1 Kg8 26. Qb8+ Kg7
27. Ra1 Qc5 28. Rxa7 Qxc3 29. Qg3+ Kf6 30. Ra4 Qc5 31. Rf4+ Ke7 32. Qg8 Qc2 33.
Rd4 Kf6 34. Qd8+ Ke5 35. Rf4 Qc1+ 36. Kh2 Qc5 37. Qg8 1-0

[Event "4. Moscu Open 2008"]
[Site "Moscu RUS"]
[Date "2008.02.07"]
[Round "6.31"]
[White "Bigaliev, Renat"]
[Black "Glek, Igor V"]
[Result "1/2-1/2"]
[WhiteElo "2410"]
[BlackElo "2546"]
[PlyCount "70"]
[EventDate "2008.02.02"]
[EventType "swiss"]
[EventRounds "9"]
[EventCountry "RUS"]
[Source "lmi"]
[SourceDate "2008.02.02"]

1. e4 c5 2. Nf3 Nc6 3. d4 cxd4 4. Nxd4 Nf6 5. Nc3 d6 6. Bg5 e6 7. Qd2 Be7 8.
O-O-O Nxd4 9. Qxd4 O-O 10. f4 Qa5 11. Bc4 Bd7 12. Bb3 Bc6 13. Rhf1 h6 14. Bh4
Qh5 15. Bg3 d5 16. exd5 Rfd8 17. Qe5 Qxe5 18. fxe5 Nxd5 19. Nxd5 Bxd5 20. Bxd5
Rxd5 21. Rxd5 exd5 22. Rd1 Rd8 23. a4 b6 24. c3 Kh7 25. Kc2 Kg6 26. Bf2 Kf5 27.
Bd4 Bc5 28. Kd3 Rc8 29. b3 h5 30. Rf1+ Ke6 31. Rf3 h4 32. Rf4 Rh8 33. Rg4 g6
34. Rf4 Be7 35. Rf2 Rh5 1/2-1/2

[Event "4. Moscu Open 2008"]
[Site "Moscu RUS"]
[Date "2008.02.07"]
[Round "6.32"]
[White "Pileckis, Emilis"]
[Black "Deviatkin, Andrei"]
[Result "0-1"]
[WhiteElo "2364"]
[BlackElo "2543"]
[PlyCount "128"]
[EventDate "2008.02.02"]
[EventType "swiss"]
[EventRounds "9"]
[EventCountry "RUS"]
[Source "lmi"]
[SourceDate "2008.02.02"]

1. Nf3 d5 2. d4 Nf6 3. c4 c6 4. Nc3 dxc4 5. a4 Bf5 6. Ne5 Nbd7 7. Nxc4 Nb6 8.
Ne5 a5 9. f3 Nfd7 10. Nxd7 Nxd7 11. e4 Bg6 12. Qb3 e5 13. dxe5 Bb4 14. h4 h5
15. Bd2 Nxe5 16. O-O-O f6 17. Nb5 Qc8 18. Qxb4 axb4 19. Nd6+ Kd7 20. Nxc8 Kxc8
21. b3 b5 22. a5 c5 23. Bf4 Bf7 24. Bxe5 fxe5 25. Bxb5 Bxb3 26. Rd6 Rxa5 27.
Kb2 Bf7 28. Ba6+ Kc7 29. Rhd1 Be8 30. Bc4 Rh6 31. Rxh6 gxh6 32. Ra1 Rxa1 33.
Kxa1 Kd6 34. Kb2 Ke7 35. Kb3 Bd7 36. Kb2 Ba4 37. Kc1 Kd6 38. Kb1 Be8 39. Kc1
Kc6 40. g3 Kd6 41. Kd2 Ke7 42. f4 Kd6 43. Ke3 Bd7 44. Kd2 Ba4 45. Kd3 Ke7 46.
Kd2 Kd6 47. Kd3 Bd1 48. Kd2 Bf3 49. Bd5 Bg2 50. Ke2 c4 51. Bxc4 Bxe4 52. Kd2
Bf5 53. Ke3 Bc2 54. Kd2 Bg6 55. Ke3 Bf5 56. Kd2 Kc5 57. Bf7 exf4 58. gxf4 Kd4
59. Bg8 Ke4 60. Kc2 Kxf4+ 61. Kb3 Kg4 62. Kxb4 Kxh4 63. Kc3 Kg3 64. Kd4 Bg4 0-1

[Event "4. Moscu Open 2008"]
[Site "Moscu RUS"]
[Date "2008.02.07"]
[Round "6.33"]
[White "Aleksandrov, Aleksej"]
[Black "Zolotukhin, Valery"]
[Result "1-0"]
[WhiteElo "2618"]
[BlackElo "2330"]
[PlyCount "47"]
[EventDate "2008.02.02"]
[EventType "swiss"]
[EventRounds "9"]
[EventCountry "RUS"]
[Source "lmi"]
[SourceDate "2008.02.02"]

1. d4 Nf6 2. c4 g6 3. Nc3 Bg7 4. e4 d6 5. Be2 O-O 6. Bg5 c5 7. d5 h6 8. Bf4 e6
9. dxe6 Bxe6 10. Qd2 Nc6 11. Bxh6 Nd4 12. Bxg7 Kxg7 13. Nf3 Nxe2 14. Qxe2 Qa5
15. Ng5 d5 16. cxd5 Bxd5 17. O-O Bc6 18. f4 c4 19. e5 Qc5+ 20. Rf2 Nd5 21. f5
Nf4 22. Qd2 Nd3 23. f6+ Kg8 24. Nge4 1-0

[Event "4. Moscu Open 2008"]
[Site "Moscu RUS"]
[Date "2008.02.07"]
[Round "6.36"]
[White "Macieja, Bartlomiej"]
[Black "Tunik, Gennady"]
[Result "1/2-1/2"]
[WhiteElo "2617"]
[BlackElo "2473"]
[PlyCount "51"]
[EventDate "2008.02.02"]
[EventType "swiss"]
[EventRounds "9"]
[EventCountry "RUS"]
[Source "lmi"]
[SourceDate "2008.02.02"]

1. d4 Nf6 2. c4 e6 3. Nf3 b6 4. g3 Ba6 5. b3 Bb4+ 6. Bd2 Be7 7. Bg2 c6 8. Bc3
d5 9. Ne5 Nfd7 10. Nxd7 Nxd7 11. Nd2 f5 12. O-O O-O 13. a4 Rc8 14. Re1 Nf6 15.
a5 b5 16. c5 Rc7 17. Qc2 Qe8 18. Bb2 g5 19. f3 g4 20. Nf1 Bd8 21. Bc1 Qg6 22.
Bf4 Rcf7 23. b4 h5 24. Ra3 Bc8 25. Ne3 Rh7 26. Bd6 1/2-1/2

[Event "4. Moscu Open 2008"]
[Site "Moscu RUS"]
[Date "2008.02.07"]
[Round "6.37"]
[White "Rodshtein, Maxim"]
[Black "Gutov, Andrey"]
[Result "1/2-1/2"]
[WhiteElo "2614"]
[BlackElo "2467"]
[PlyCount "71"]
[EventDate "2008.02.02"]
[EventType "swiss"]
[EventRounds "9"]
[EventCountry "RUS"]
[Source "lmi"]
[SourceDate "2008.02.02"]

1. d4 Nf6 2. c4 e6 3. Nf3 d5 4. Nc3 Bb4 5. cxd5 exd5 6. Bg5 h6 7. Bh4 g5 8. Bg3
Ne4 9. Nd2 Nxc3 10. bxc3 Bxc3 11. Rc1 Bb2 12. Bxc7 Qe7 13. Bd6 Qe6 14. Rb1 Bc3
15. Qc2 Bxd2+ 16. Kxd2 Nc6 17. Qc5 Qf5 18. e4 Qxf2+ 19. Be2 Bg4 20. Rhe1 Bxe2
21. exd5 Qxd4+ 22. Kxe2 O-O-O 23. dxc6 Rxd6 24. cxb7+ Kb8 25. Qxd4 Rxd4 26. Kf3
Rd3+ 27. Re3 Rhd8 28. Rb2 f5 29. Ke2 Rxe3+ 30. Kxe3 Rd6 31. g3 Re6+ 32. Kd4
Re4+ 33. Kd5 Ra4 34. Ke6 f4 35. Kf5 fxg3 36. hxg3 1/2-1/2

[Event "4. Moscu Open 2008"]
[Site "Moscu RUS"]
[Date "2008.02.07"]
[Round "6.38"]
[White "Sergienko, Sergey"]
[Black "Burmakin, Vladimir"]
[Result "1/2-1/2"]
[WhiteElo "2449"]
[BlackElo "2611"]
[PlyCount "65"]
[EventDate "2008.02.02"]
[EventType "swiss"]
[EventRounds "9"]
[EventCountry "RUS"]
[Source "lmi"]
[SourceDate "2008.02.02"]

1. d4 d5 2. c4 e6 3. Nc3 Nf6 4. cxd5 exd5 5. Bg5 c6 6. e3 Be7 7. Bd3 O-O 8. Qc2
Nbd7 9. Nf3 Re8 10. O-O Nf8 11. h3 Be6 12. Ne5 N6d7 13. Bxe7 Qxe7 14. f4 f6 15.
Nf3 Rac8 16. f5 Bf7 17. Rae1 c5 18. Qf2 Qd6 19. g4 Re7 20. Kg2 a6 21. Qg3 Qb6
22. Nd1 Rce8 23. h4 Qc6 24. Kh2 b5 25. Rg1 c4 26. Bc2 Nb6 27. Kh1 Nc8 28. Ref1
Nd7 29. Ne1 Nd6 30. Ng2 Ne4 31. Qh3 g5 32. fxg6 Bxg6 33. Nf4 1/2-1/2

[Event "4. Moscu Open 2008"]
[Site "Moscu RUS"]
[Date "2008.02.07"]
[Round "6.39"]
[White "Sitnikov, Anton"]
[Black "Vitiugov, Nikita"]
[Result "1/2-1/2"]
[WhiteElo "2450"]
[BlackElo "2609"]
[PlyCount "83"]
[EventDate "2008.02.02"]
[EventType "swiss"]
[EventRounds "9"]
[EventCountry "RUS"]
[Source "lmi"]
[SourceDate "2008.02.02"]

1. e4 c5 2. Nf3 d6 3. d4 cxd4 4. Nxd4 Nf6 5. f3 e5 6. Bb5+ Nbd7 7. Nf5 d5 8.
exd5 a6 9. Ba4 b5 10. Bb3 Nb6 11. Ne3 Bc5 12. Nc3 O-O 13. O-O Bf5 14. Kh1 Bg6
15. Re1 Re8 16. Ng4 Nxg4 17. fxg4 Rc8 18. Ne4 Nc4 19. Bxc4 bxc4 20. d6 Qd7 21.
Nxc5 Rxc5 22. b3 cxb3 23. cxb3 Rc2 24. Ba3 h6 25. h3 f6 26. Re2 Rc6 27. Rc1
Rec8 28. Rxc6 Rxc6 29. Qd5+ Bf7 30. Qe4 Be8 31. Kh2 Qc8 32. h4 Bd7 33. g5 Bf5
34. Qe3 hxg5 35. hxg5 Rc2 36. Rxc2 Qxc2 37. g6 Bxg6 38. Qh3 Qd2 39. Qe6+ Kh7
40. Qh3+ Kg8 41. Qe6+ Kh7 42. Qh3+ 1/2-1/2

[Event "4. Moscu Open 2008"]
[Site "Moscu RUS"]
[Date "2008.02.07"]
[Round "6.40"]
[White "Fedorov, Alexei"]
[Black "Yandemirov, Valeri"]
[Result "0-1"]
[WhiteElo "2607"]
[BlackElo "2461"]
[PlyCount "78"]
[EventDate "2008.02.02"]
[EventType "swiss"]
[EventRounds "9"]
[EventCountry "RUS"]
[Source "lmi"]
[SourceDate "2008.02.02"]

1. e4 e5 2. Nf3 Nc6 3. Bc4 Nf6 4. d3 Be7 5. O-O O-O 6. Re1 d6 7. a4 h6 8. a5 a6
9. c3 Nh7 10. d4 Ng5 11. d5 Nxf3+ 12. Qxf3 Nb8 13. Bd3 Bg5 14. Nd2 Nd7 15. b4
Nf6 16. Qe2 Nh7 17. c4 f5 18. Bb2 Bxd2 19. Qxd2 fxe4 20. Bxe4 Ng5 21. Bd3 Rf4
22. Qe3 Bg4 23. Qg3 Qd7 24. Bf1 Raf8 25. Bc1 Rf3 26. gxf3 Nxf3+ 27. Kh1 Nxe1
28. Bxh6 Rf3 29. Qh4 Nc2 30. Rc1 Rf6 31. Bg5 Rg6 32. f4 Qf5 33. h3 Bf3+ 34. Kh2
Ne3 35. Qg3 exf4 36. Qxf3 Rxg5 37. Re1 Qe5 38. Bd3 Rg3 39. Qe4 Rxh3+ 0-1

[Event "4. Moscu Open 2008"]
[Site "Moscu RUS"]
[Date "2008.02.07"]
[Round "6.41"]
[White "Mozharov, Mikhail"]
[Black "Korotylev, Alexey"]
[Result "0-1"]
[WhiteElo "2434"]
[BlackElo "2607"]
[PlyCount "104"]
[EventDate "2008.02.02"]
[EventType "swiss"]
[EventRounds "9"]
[EventCountry "RUS"]
[Source "lmi"]
[SourceDate "2008.02.02"]

1. d4 Nf6 2. Nf3 g6 3. c4 Bg7 4. g3 O-O 5. Bg2 d6 6. O-O Nc6 7. Nc3 a6 8. d5
Na5 9. Nd2 c5 10. Qc2 Rb8 11. b3 b5 12. Rb1 Bf5 13. e4 Bd7 14. h3 e5 15. cxb5
axb5 16. b4 cxb4 17. Rxb4 Qc8 18. Kh2 Qc5 19. a3 Rfc8 20. Bb2 Bh6 21. Nb3 Nxb3
22. Rxb3 Ne8 23. Bc1 Bxc1 24. Rxc1 b4 25. Rxb4 Rxb4 26. axb4 Qxb4 27. Qd3 Ra8
28. Rb1 Qc5 29. Qd2 Nf6 30. Rb3 Kg7 31. Qb2 h5 32. f4 h4 33. gxh4 Rh8 34. Ne2
Rxh4 35. Rf3 Bg4 36. fxe5 dxe5 37. Rf1 Qe7 38. Ng1 Rh8 39. Qd2 Bd7 40. Qc3 Rc8
41. Qb2 Rc4 42. Rc1 Rd4 43. Ne2 Rxe4 44. Bxe4 Nxe4 45. Rc4 Ng5 46. h4 Nf3+ 47.
Kg3 Nxh4 48. Rxh4 Qg5+ 49. Kf3 Qxh4 50. Qxe5+ Kg8 51. Nd4 Bg4+ 52. Ke3 Qh3+ 0-1

[Event "4. Moscu Open 2008"]
[Site "Moscu RUS"]
[Date "2008.02.07"]
[Round "6.42"]
[White "Grachev, Boris"]
[Black "Ivanov, Oleg V"]
[Result "0-1"]
[WhiteElo "2601"]
[BlackElo "2454"]
[PlyCount "94"]
[EventDate "2008.02.02"]
[EventType "swiss"]
[EventRounds "9"]
[EventCountry "RUS"]
[Source "lmi"]
[SourceDate "2008.02.02"]

1. Nf3 d5 2. c4 c6 3. b3 Bf5 4. Bb2 e6 5. g3 h6 6. Bg2 Nf6 7. O-O Be7 8. d3 O-O
9. Nbd2 Nbd7 10. Qc2 Bh7 11. a3 a5 12. Rac1 Qb6 13. Qb1 Rfc8 14. Qa1 Bf8 15.
Rc2 Qd8 16. Rfc1 Ne8 17. cxd5 cxd5 18. Nd4 Rxc2 19. Rxc2 Rc8 20. Rxc8 Qxc8 21.
Bh3 Kh8 22. N2f3 Bg8 23. Qe1 b6 24. Qd2 Kh7 25. b4 axb4 26. axb4 Be7 27. b5 Qc5
28. Bc3 Nc7 29. Qb2 Qa3 30. Qc2 Nc5 31. Nc6 Bf8 32. Bb4 Qa1+ 33. Kg2 Kh8 34. d4
Bh7 35. dxc5 Bxc2 36. cxb6 Na6 37. b7 Nb8 38. Bxf8 Qb1 39. Nfd4 Ba4 40. Ne5
Qe4+ 41. Nef3 Qb1 42. Ne5 Qe4+ 43. Nef3 Qb1 44. Bd6 Bxb5 45. Bxb8 Ba6 46. Bf4
Bxb7 47. Be3 Ba6 0-1

[Event "4. Moscu Open 2008"]
[Site "Moscu RUS"]
[Date "2008.02.07"]
[Round "6.43"]
[White "Pokazanjev, Nikolai"]
[Black "Iordachescu, Viorel"]
[Result "0-1"]
[WhiteElo "2405"]
[BlackElo "2586"]
[PlyCount "58"]
[EventDate "2008.02.02"]
[EventType "swiss"]
[EventRounds "9"]
[EventCountry "RUS"]
[Source "lmi"]
[SourceDate "2008.02.02"]

1. e4 c6 2. d4 d5 3. e5 Bf5 4. h4 h6 5. g4 Bd7 6. h5 c5 7. c3 Nc6 8. Be2 Rc8 9.
Be3 Qb6 10. Qd2 e6 11. Nf3 cxd4 12. cxd4 Bb4 13. Nc3 Na5 14. O-O Ne7 15. Rfc1
Qd8 16. b3 O-O 17. Rc2 f5 18. exf6 Rxf6 19. Rac1 Nac6 20. Ra1 Qf8 21. Ne5 Nxe5
22. dxe5 Rf7 23. a3 Ba5 24. b4 Bb6 25. Bxb6 axb6 26. Nd1 Rxc2 27. Qxc2 Nc6 28.
Qc3 Rf4 29. Rc1 Nd4 0-1

[Event "4. Moscu Open 2008"]
[Site "Moscu RUS"]
[Date "2008.02.07"]
[Round "6.44"]
[White "Zakhartsov, Viacheslav V"]
[Black "Looshnikov, Nikolai"]
[Result "1/2-1/2"]
[WhiteElo "2585"]
[BlackElo "2454"]
[PlyCount "44"]
[EventDate "2008.02.02"]
[EventType "swiss"]
[EventRounds "9"]
[EventCountry "RUS"]
[Source "lmi"]
[SourceDate "2008.02.02"]

1. d4 Nf6 2. Nf3 e6 3. c4 Bb4+ 4. Nbd2 b6 5. a3 Bxd2+ 6. Qxd2 O-O 7. e3 Bb7 8.
Be2 d6 9. O-O a5 10. b3 Nbd7 11. Bb2 Ne4 12. Qc2 f5 13. Rad1 Qe7 14. d5 e5 15.
Ne1 Ndc5 16. b4 axb4 17. axb4 Na4 18. Ba1 b5 19. c5 dxc5 20. Bxb5 Nb6 21. f3
Nf6 22. bxc5 Nbxd5 1/2-1/2

[Event "4. Moscu Open 2008"]
[Site "Moscu RUS"]
[Date "2008.02.07"]
[Round "6.45"]
[White "Zemtsov, Igor"]
[Black "Grigoriants, Sergey"]
[Result "0-1"]
[WhiteElo "2400"]
[BlackElo "2583"]
[PlyCount "70"]
[EventDate "2008.02.02"]
[EventType "swiss"]
[EventRounds "9"]
[EventCountry "RUS"]
[Source "lmi"]
[SourceDate "2008.02.02"]

1. e4 c5 2. Nf3 d6 3. d4 cxd4 4. Nxd4 Nf6 5. Nc3 Nc6 6. Bg5 e6 7. Qd2 Be7 8.
O-O-O O-O 9. f3 Nxd4 10. Qxd4 a6 11. h4 b5 12. e5 dxe5 13. Qxe5 Qb6 14. Rh3 Rd8
15. Rxd8+ Qxd8 16. Ne4 Nd5 17. Bxe7 Qxe7 18. c4 f6 19. Qd6 Qxd6 20. Nxd6 bxc4
21. Bxc4 Ne3 22. f4 Nxc4 23. Nxc4 Bb7 24. g4 Rd8 25. g5 Rd4 26. Rc3 Bh1 27. f5
exf5 28. gxf6 gxf6 29. b4 f4 30. a3 f3 31. Ne3 f2 32. Rc8+ Kf7 33. Kb2 Rd3 34.
Rc7+ Ke6 35. Nf1 Rd1 0-1

[Event "4. Moscu Open 2008"]
[Site "Moscu RUS"]
[Date "2008.02.07"]
[Round "6.46"]
[White "Peregudov, Nickolai"]
[Black "Andreikin, Dmitry"]
[Result "0-1"]
[WhiteElo "2398"]
[BlackElo "2573"]
[PlyCount "120"]
[EventDate "2008.02.02"]
[EventType "swiss"]
[EventRounds "9"]
[EventCountry "RUS"]
[Source "lmi"]
[SourceDate "2008.02.02"]

1. d4 Nf6 2. c4 d6 3. Nc3 e5 4. d5 Na6 5. e4 Nc5 6. f3 a5 7. Be3 Be7 8. Qd2 c6
9. Nge2 a4 10. Nc1 O-O 11. Nd3 Nfd7 12. Nf2 Qa5 13. Rc1 Nb6 14. Be2 f5 15. exf5
Bxf5 16. Bxc5 Qxc5 17. Nce4 Qa5 18. Qxa5 Rxa5 19. dxc6 bxc6 20. Bd3 d5 21. cxd5
cxd5 22. Ng3 Bb4+ 23. Ke2 Bd7 24. Rc2 Bc5 25. Rhc1 Bd4 26. Nd1 Raa8 27. Ne3 g6
28. Kd2 e4 29. fxe4 Rf2+ 30. Be2 a3 31. b3 dxe4 32. Nxe4 Re8 33. Nxf2 Bxe3+ 34.
Ke1 Bxc1 35. Rxc1 Bb5 36. Rc2 Nd5 37. Nd1 Nb4 38. Rd2 Nxa2 39. Rxa2 Rxe2+ 40.
Rxe2 Bxe2 41. Nc3 Ba6 42. Kd2 Kf7 43. Kc2 Ke6 44. Kb1 Bb7 45. g3 Kf5 46. Ne2
Ke4 47. Ka2 g5 48. Kxa3 Ke3 49. Nc3 Kf3 50. b4 Kg2 51. b5 Kxh2 52. Ne2 Kg2 53.
Kb4 Kf3 54. Nd4+ Kxg3 55. Kc5 g4 56. Nc6 Kf2 57. Kb6 g3 58. Kxb7 g2 59. b6 g1=Q
60. Kc7 Qg7+ 0-1

[Event "4. Moscu Open 2008"]
[Site "Moscu RUS"]
[Date "2008.02.07"]
[Round "6.47"]
[White "Khismatullin, Denis"]
[Black "Khusnutdinov, Rustam"]
[Result "1-0"]
[WhiteElo "2564"]
[BlackElo "2452"]
[PlyCount "71"]
[EventDate "2008.02.02"]
[EventType "swiss"]
[EventRounds "9"]
[EventCountry "RUS"]
[Source "lmi"]
[SourceDate "2008.02.02"]

1. d4 Nf6 2. c4 e6 3. Nc3 Bb4 4. Qc2 c5 5. dxc5 Bxc5 6. Bf4 Nh5 7. Bd2 Qb6 8.
e3 Qc7 9. g4 Qc6 10. Ne4 Nf6 11. Bg2 Nxe4 12. Bxe4 d5 13. Bg2 O-O 14. Rc1 Qb6
15. cxd5 Na6 16. Nh3 Nb4 17. Qb1 Nxd5 18. Ng5 Nf6 19. O-O Bb4 20. Bxb4 Qxb4 21.
h3 Bd7 22. Rfd1 Bc6 23. Bxc6 bxc6 24. Rd4 Qb5 25. Nf3 c5 26. Rdc4 Qb7 27. Ne5
Rad8 28. Rxc5 Rd2 29. R1c2 Rd6 30. Qc1 Nd7 31. Rc7 Qb5 32. Nxd7 Rxd7 33. Rxd7
Qxd7 34. Rc7 Qd5 35. Rxa7 Qf3 36. Qf1 1-0

[Event "4. Moscu Open 2008"]
[Site "Moscu RUS"]
[Date "2008.02.07"]
[Round "6.48"]
[White "Vovk, Yuri"]
[Black "Kuznetsov, Viktor"]
[Result "1-0"]
[WhiteElo "2561"]
[BlackElo "2590"]
[PlyCount "81"]
[EventDate "2008.02.02"]
[EventType "swiss"]
[EventRounds "9"]
[EventCountry "RUS"]
[Source "lmi"]
[SourceDate "2008.02.02"]

1. e4 c5 2. f4 d5 3. exd5 Qxd5 4. Nc3 Qd6 5. Nf3 Nf6 6. d4 e6 7. Be3 Ng4 8.
dxc5 Qxd1+ 9. Nxd1 Nxe3 10. Nxe3 Bxc5 11. Nc4 Nc6 12. O-O-O Ke7 13. g3 Bd7 14.
c3 Rac8 15. b4 b5 16. Nce5 Nxe5 17. Nxe5 Be3+ 18. Kb2 Be8 19. Bg2 h5 20. Rhe1
Bb6 21. Re2 h4 22. g4 h3 23. Bf3 Rh4 24. f5 Rd8 25. Rde1 Rd6 26. fxe6 fxe6 27.
Be4 Rh6 28. g5 Rh5 29. Nf3 Rh8 30. Bf5 Bf7 31. Bg4 a5 32. a3 Rc8 33. Bxh3 axb4
34. axb4 Rcd8 35. Re5 Rd3 36. Bxe6 Bc7 37. Bc4+ Bxe5 38. Bxd3 Rxd3 39. Nxe5 Rh3
40. Nxf7+ Kxf7 41. Re5 1-0

[Event "4. Moscu Open 2008"]
[Site "Moscu RUS"]
[Date "2008.02.07"]
[Round "6.49"]
[White "Gagarin, Vasilij"]
[Black "Iljushin, Alexei"]
[Result "1-0"]
[WhiteElo "2378"]
[BlackElo "2549"]
[PlyCount "59"]
[EventDate "2008.02.02"]
[EventType "swiss"]
[EventRounds "9"]
[EventCountry "RUS"]
[Source "lmi"]
[SourceDate "2008.02.02"]

1. d4 d5 2. c4 c6 3. Nc3 Nf6 4. Nf3 a6 5. c5 Nbd7 6. Bf4 g6 7. h3 Bg7 8. e3 O-O
9. Rc1 Ne4 10. Nxe4 dxe4 11. Nd2 e5 12. dxe5 Qa5 13. e6 fxe6 14. Bc4 Nxc5 15.
Bd6 Rf5 16. b4 Qxb4 17. O-O Qb6 18. g4 Rg5 19. f4 Nd3 20. fxg5 Qxe3+ 21. Kg2
Nxc1 22. Qxc1 b5 23. Bb3 Bd7 24. Re1 Qxg5 25. Nxe4 Qd8 26. Nc5 Kh8 27. Qf4 g5
28. Qf7 Qa5 29. Re2 Be8 30. Qb7 1-0

[Event "4. Moscu Open 2008"]
[Site "Moscu RUS"]
[Date "2008.02.07"]
[Round "6.50"]
[White "Prihotko, Alexander"]
[Black "Khairullin, Ildar"]
[Result "0-1"]
[WhiteElo "2340"]
[BlackElo "2544"]
[PlyCount "72"]
[EventDate "2008.02.02"]
[EventType "swiss"]
[EventRounds "9"]
[EventCountry "RUS"]
[Source "lmi"]
[SourceDate "2008.02.02"]

1. e4 e5 2. Nf3 Nc6 3. Nc3 Nf6 4. Bb5 Bb4 5. O-O O-O 6. Bxc6 dxc6 7. d3 Nd7 8.
Ne2 Re8 9. Ng3 Nf8 10. h3 Bd6 11. Nh2 c5 12. Nf5 Ne6 13. Ng4 f6 14. Nge3 Bf8
15. Nd5 Nd4 16. Nfe3 Be6 17. f4 c6 18. Nc3 exf4 19. Rxf4 Qc7 20. Rf2 Rad8 21.
Ne2 c4 22. Nxd4 Rxd4 23. Qh5 Bf7 24. Qg4 h5 25. Qe2 cxd3 26. cxd3 Qd7 27. Qc2
Rxd3 28. Nd5 Rd4 29. Nc3 Bc5 30. Be3 Bb6 31. Bxd4 Qxd4 32. Rd1 Qe3 33. Qd2 Qg3
34. Qe2 Be6 35. Rd3 Bxf2+ 36. Kf1 Qe5 0-1

[Event "4. Moscu Open 2008"]
[Site "Moscu RUS"]
[Date "2008.02.07"]
[Round "6.51"]
[White "Andriasian, Zaven"]
[Black "Kachko, Alexander"]
[Result "1/2-1/2"]
[WhiteElo "2532"]
[BlackElo "2419"]
[PlyCount "57"]
[EventDate "2008.02.02"]
[EventType "swiss"]
[EventRounds "9"]
[EventCountry "RUS"]
[Source "lmi"]
[SourceDate "2008.02.02"]

1. e4 e6 2. d4 d5 3. Nc3 dxe4 4. Nxe4 Bd7 5. Nf3 Bc6 6. Bd3 Nd7 7. O-O Ngf6 8.
Ng3 Be7 9. b3 O-O 10. Bb2 b6 11. c4 Bb7 12. Qe2 Re8 13. Rad1 Qc8 14. Ne5 Nf8
15. h4 c5 16. h5 h6 17. Bb1 cxd4 18. Bxd4 Bc5 19. Bb2 Qc7 20. Ne4 Nxe4 21. Bxe4
Bxe4 22. Qxe4 Rad8 23. Qg4 f6 24. Nd3 f5 25. Qh4 Be7 26. Qh3 Nd7 27. Rfe1 Bf6
28. Bc1 Nc5 29. Nf4 1/2-1/2

[Event "4. Moscu Open 2008"]
[Site "Moscu RUS"]
[Date "2008.02.07"]
[Round "6.52"]
[White "Kozlov, Vladimir N"]
[Black "Bryzgalin, Kirill"]
[Result "1/2-1/2"]
[WhiteElo "2337"]
[BlackElo "2531"]
[PlyCount "80"]
[EventDate "2008.02.02"]
[EventType "swiss"]
[EventRounds "9"]
[EventCountry "RUS"]
[Source "lmi"]
[SourceDate "2008.02.02"]

1. c4 Nf6 2. d4 d6 3. Nc3 Nbd7 4. Nf3 e5 5. g3 Be7 6. Bg2 O-O 7. O-O c6 8. e4
a6 9. a4 a5 10. h3 Re8 11. Be3 Bf8 12. Qc2 Qc7 13. Rad1 exd4 14. Nxd4 Nc5 15.
Kh2 Bd7 16. f4 Rad8 17. Rde1 Bc8 18. Bc1 Nfd7 19. b3 Na6 20. Na2 Ndc5 21. Bb2
Qb6 22. g4 Qc7 23. Qc3 Re7 24. Nf5 Bxf5 25. gxf5 f6 26. Qg3 Rde8 27. e5 dxe5
28. fxe5 Rxe5 29. Bxe5 Rxe5 30. Rxe5 Bd6 31. Kh1 Bxe5 32. Qf3 Qe7 33. Re1 Nd7
34. Nc1 Nb4 35. Nd3 Nc2 36. Re4 Nd4 37. Qf2 Nxb3 38. Nxe5 Nxe5 39. Qb6 Nc5 40.
Rd4 Kf7 1/2-1/2

[Event "4. Moscu Open 2008"]
[Site "Moscu RUS"]
[Date "2008.02.07"]
[Round "6.53"]
[White "Kharitonov, Alexandr"]
[Black "Matsenko, Sergei"]
[Result "1-0"]
[WhiteElo "2524"]
[BlackElo "2418"]
[PlyCount "92"]
[EventDate "2008.02.02"]
[EventType "swiss"]
[EventRounds "9"]
[EventCountry "RUS"]
[Source "lmi"]
[SourceDate "2008.02.02"]

1. Nf3 d5 2. c4 c6 3. e3 Nf6 4. Nc3 e6 5. b3 Nbd7 6. Qc2 Bd6 7. Bb2 O-O 8. Rg1
Qe7 9. g4 Ba3 10. Bxa3 Qxa3 11. g5 Nh5 12. Be2 g6 13. h4 Qd6 14. d4 Ng7 15. e4
dxc4 16. e5 cxb3 17. axb3 Qe7 18. Ne4 Nf5 19. Kf1 Rd8 20. h5 Nf8 21. Rd1 b6 22.
Nf6+ Kh8 23. Qxc6 Bb7 24. Qa4 Rac8 25. Rg4 Rc3 26. Nh4 Nxh4 27. Rxh4 Qc7 28.
hxg6 fxg6 29. b4 Bd5 30. Qa1 a5 31. bxa5 bxa5 32. Nxd5 exd5 33. Bg4 Rc2 34. Qa3
Rc3 35. Qa2 Rc2 36. Qb3 Rc3 37. Qb5 Qe7 38. Qxa5 Qxg5 39. Qxc3 Qxh4 40. Qf3 h5
41. Bh3 Nh7 42. Qg3 Qe4 43. Bg2 Qf5 44. Qd3 Qg4 45. Re1 Kg7 46. Qe3 Qc8 1-0

[Event "4. Moscu Open 2008"]
[Site "Moscu RUS"]
[Date "2008.02.07"]
[Round "6.54"]
[White "Rakhmanov, Aleksandr"]
[Black "Ageichenko, Genadi A"]
[Result "1-0"]
[WhiteElo "2524"]
[BlackElo "2397"]
[PlyCount "59"]
[EventDate "2008.02.02"]
[EventType "swiss"]
[EventRounds "9"]
[EventCountry "RUS"]
[Source "lmi"]
[SourceDate "2008.02.02"]

1. d4 Nf6 2. c4 e6 3. Nc3 Bb4 4. e3 O-O 5. Bd3 c5 6. Nge2 d5 7. cxd5 cxd4 8.
exd4 Nxd5 9. O-O Nc6 10. a3 Be7 11. Bc2 Nxc3 12. bxc3 b6 13. Re1 Bb7 14. Nf4
Bf6 15. Nh5 Be7 16. Qg4 g6 17. Bh6 f5 18. Qh3 Rf7 19. Nf4 Na5 20. Rxe6 Bd5 21.
Re5 Bb3 22. Bxb3 Nxb3 23. Rae1 Rc8 24. Nd5 Bd6 25. Re6 Bxa3 26. Nf4 Bf8 27.
Nxg6 hxg6 28. Rxg6+ Bg7 29. Bxg7 Rxg7 30. Rh6 1-0